[Event "Mechanics' Winter TNM; G/2"]
[Site "San Francisco"]
[Date "2016.02.23"]
[Round "8.44"]
[White "Sachs-Weintraub, Julian"]
[Black "Frank, Robert H"]
[Result "1-0"]
[WhiteElo "1369"]
[BlackElo "1319"]
[PlyCount "69"]
[EventDate "2016.??.??"]

1. d4 d5 2. g3 Nc6 3. Nf3 Nf6 4. Nc3 Bg4 5. Bg2 e6 6. a3 Be7 7. O-O O-O 8. Bf4
Bd6 9. Ne5 Ne7 10. Nxg4 Nxg4 11. Bg5 h6 12. Bc1 c5 13. e4 f5 14. exd5 exd5 15.
Nxd5 Nf6 16. Nxf6+ Rxf6 17. Bxb7 Rb8 18. Bg2 Qb6 19. dxc5 Bxc5 20. c3 Rbf8 21.
b4 Bd6 22. Be3 Qc7 23. Bd4 Be5 24. Bxe5 Qxe5 25. Re1 Qc7 26. c4 f4 27. Re2 f3
28. Rxe7 Qxe7 29. Bh3 Qe4 30. c5 R6f7 31. b5 Qc4 32. Rc1 Qe4 33. Qb3 Re8 34. c6
Ree7 35. c7 1-0

[Event "Mechanics' Winter TNM; G/2"]
[Site "San Francisco"]
[Date "2016.01.19"]
[Round "3.31"]
[White "Sachs-Weintraub, Julian"]
[Black "Gomboluudev, Enkhjin"]
[Result "0-1"]
[WhiteElo "1369"]
[BlackElo "1630"]
[PlyCount "64"]
[EventDate "2016.??.??"]

1. Nf3 Nf6 2. Nc3 Nc6 3. d4 d5 4. Bf4 e6 5. Nb5 Bd6 6. Nxd6+ cxd6 7. e3 O-O 8.
c3 Re8 9. Bg5 h6 10. Bh4 Nb8 11. Bb5 Bd7 12. Qb3 Qb6 13. Bxd7 Qxb3 14. axb3
Nbxd7 15. Bg3 Ne4 16. Nd2 Nxg3 17. hxg3 e5 18. O-O a6 19. Rfe1 Rac8 20. b4 Nb6
21. b3 $2 Rxc3 22. Rac1 Rec8 23. Rxc3 Rxc3 24. dxe5 dxe5 25. f4 exf4 26. gxf4
Rd3 27. Re2 d4 28. e4 Rc3 29. Kf2 Rc2 30. Nc4 d3 31. Rd2 Nxc4 32. bxc4 Rxd2+
0-1

[Event "Mechanics' Winter TNM; G/2"]
[Site "San Francisco"]
[Date "2016.01.05"]
[Round "1.24"]
[White "Sachs-Weintraub, Julian"]
[Black "Royzen, Igor"]
[Result "0-1"]
[WhiteElo "1369"]
[BlackElo "1879"]
[PlyCount "50"]
[EventDate "2016.??.??"]

1. e4 c6 2. d4 d5 3. e5 c5 4. c3 Nc6 5. Nf3 Bg4 6. Be2 e6 7. O-O Nge7 8. Bg5
Qb6 9. Nbd2 cxd4 10. cxd4 Nxd4 11. Bxe7 Nxe2+ 12. Qxe2 Bxe7 13. b3 O-O 14. Qd3
Rac8 15. Rac1 Ba3 16. Rxc8 Rxc8 17. Ng5 Bf5 18. Qf3 Qd4 19. Nb1 Be7 20. Nh3
Qxe5 21. Qd1 Bxh3 22. gxh3 Bd6 23. f4 Qe3+ 24. Kh1 Bxf4 25. Rf3 Rc1 0-1

[Event "Mechanics' Fall TNM; G/2"]
[Site "San Francisco"]
[Date "2016.11.29"]
[Round "7.39"]
[White "Sachs-Weintraub, Julian"]
[Black "Stearman, Micah"]
[Result "1-0"]
[WhiteElo "1525"]
[BlackElo "1331"]
[PlyCount "69"]
[EventDate "2016.??.??"]

1. d4 d5 2. Nc3 Nf6 3. Nf3 Nc6 4. g3 g6 5. Bg2 Bg7 6. a3 O-O 7. O-O b6 8. Ne5
Bb7 9. Bg5 Nd7 10. Nxc6 Bxc6 11. Nxd5 Bxd5 12. Bxd5 Rc8 13. Bb3 Nf6 14. e3 Qd7
15. Bxf6 Bxf6 16. c3 Kg7 17. Ba4 b5 18. Bc2 Rh8 19. Be4 h5 20. Qf3 h4 21. Bc6
Qh3 22. Qg2 Qg4 23. f3 Qh5 24. g4 Qh6 25. f4 h3 26. Qf3 g5 27. f5 e5 28. Bxb5
exd4 29. cxd4 Be7 30. Bc4 Bd6 31. Qd5 Rhf8 32. f6+ Kg8 33. Rf5 Qh4 34. Rxg5+
Kh7 35. Rh5+ 1-0

[Event "Mechanics' Fall TNM; G/2"]
[Site "San Francisco"]
[Date "2016.12.13"]
[Round "9.25"]
[White "Sadowsky, Jacob An"]
[Black "Eastham, Asher Dan"]
[Result "1/2-1/2"]
[WhiteElo "1697"]
[BlackElo "1548"]
[PlyCount "120"]
[EventDate "2016.??.??"]

1. e4 e5 2. Nf3 Nc6 3. Bb5 a6 4. Ba4 Nf6 5. O-O Nxe4 6. Re1 Nc5 7. Nxe5 Nxe5 8.
Rxe5+ Be7 9. Bb3 O-O 10. d3 d6 11. Re2 c6 12. Be3 Bf5 13. Nc3 Nxb3 14. axb3 Bf6
15. Qd2 d5 16. d4 Re8 17. Rae1 b5 18. b4 Qd7 19. Na2 Re7 20. Nc1 Rae8 21. Nb3
Bh4 22. Nc5 Qc8 23. g3 Bf6 24. f3 g6 25. g4 Bd7 26. h3 Bh4 27. Bf2 Bg5 28. Qd3
f5 29. h4 Bf6 30. g5 Rxe2 31. Rxe2 Be7 32. Qa3 Bxc5 33. Rxe8+ Qxe8 34. bxc5 Qe2
35. Kg2 Bc8 36. Qa5 Qe7 37. Qb6 Qd7 38. Qb8 Kf7 39. Bg3 a5 40. Qe5 Kg8 41. Qf6
f4 42. Bxf4 Qf5 43. Bd6 Qxf6 44. gxf6 Kf7 45. Be5 Bf5 46. c3 h6 47. Kg3 a4 48.
Kf4 Bc2 49. Kg4 Bf5+ 50. Kf4 Bc2 51. Ke3 Bf5 52. Bf4 Kxf6 53. Bxh6 Bc2 54. Kf4
Bf5 55. Bg5+ Ke6 56. Bd8 Bd3 57. Kg5 Bf5 58. f4 Be4 59. Bc7 Bf5 60. Be5 Be4
1/2-1/2

[Event "Mechanics' Fall TNM; G/2"]
[Site "San Francisco"]
[Date "2016.11.08"]
[Round "4.30"]
[White "Sadowsky, Jacob An"]
[Black "Olson, David R"]
[Result "1-0"]
[WhiteElo "1697"]
[BlackElo "1400"]
[PlyCount "37"]
[EventDate "2016.??.??"]

1. e4 e5 2. Nf3 Nc6 3. d4 exd4 4. Nxd4 Bc5 5. Be3 Nxd4 6. Bxd4 Bxd4 7. Qxd4 Qf6
8. c3 d6 9. Nd2 c5 10. Qd3 Ne7 11. Nc4 O-O 12. Qxd6 Be6 13. O-O-O Qxf2 14. Qxe7
Qf4+ 15. Kb1 Qxe4+ 16. Bd3 Qxg2 17. Rhg1 Qf2 18. Rdf1 Rfe8 19. Qg5 1-0

[Event "Mechanics' Fall TNM; G/2"]
[Site "San Francisco"]
[Date "2016.10.18"]
[Round "1.2"]
[White "Sadowsky, Jacob An"]
[Black "Stearman, Josiah P"]
[Result "0-1"]
[WhiteElo "1697"]
[BlackElo "2298"]
[PlyCount "52"]
[EventDate "2016.??.??"]

1. e4 c5 2. g3 g6 3. Bg2 Bg7 4. c3 Nc6 5. Ne2 e5 6. d3 Nge7 7. Be3 d6 8. Na3
Be6 9. Nc2 Qb6 10. b4 Rd8 11. Rb1 Bxa2 12. Rb2 Be6 13. Qc1 Qc7 14. O-O b6 15.
d4 exd4 16. cxd4 Bc4 17. Re1 Bxe2 18. Rxe2 Qc8 19. d5 Ne5 20. Ne1 O-O 21. Bh6
cxb4 22. Rec2 Bxh6 23. Qxh6 Qa6 24. f4 Qa1 25. f5 Qxe1+ 26. Bf1 Qxe4 0-1

[Event "Mechanics' Fall TNM; G/2"]
[Site "San Francisco"]
[Date "2016.11.29"]
[Round "7.24"]
[White "Sadowsky, Jacob An"]
[Black "Tuck, Drew"]
[Result "1-0"]
[WhiteElo "1697"]
[BlackElo "1341"]
[PlyCount "65"]
[EventDate "2016.??.??"]

1. e4 e5 2. Nf3 Nc6 3. Bb5 a6 4. Ba4 Nf6 5. O-O Be7 6. d3 d6 7. Nc3 O-O 8. h3
h6 9. Be3 Be6 10. Bb3 Na5 11. Bxe6 fxe6 12. Qd2 c5 13. Ne2 Nc6 14. Ng3 Qe8 15.
Rae1 Nh5 16. Qc3 Rf6 17. Nh2 Nf4 18. Ng4 Rf7 19. Ne2 Nxe2+ 20. Rxe2 Qd7 21.
Bxh6 gxh6 22. Nxh6+ Kg7 23. Nxf7 Kxf7 24. f4 Kg8 25. Ref2 Bf6 26. f5 Bh4 27. g3
Bg5 28. Kg2 Rf8 29. h4 Be3 30. Rf3 Bd4 31. Qb3 Nd8 32. fxe6 Nxe6 33. Rxf8+ 1-0

[Event "Mechanics' Alan Benson TNM; G/2"]
[Site "San Francisco"]
[Date "2016.08.02"]
[Round "1.26"]
[White "Sanguinetti, George"]
[Black "Enkh, Tergelsar"]
[Result "1-0"]
[WhiteElo "1900"]
[BlackElo "1208"]
[PlyCount "55"]
[EventDate "2016.??.??"]

1. e4 e5 2. f4 Nc6 3. Nf3 d6 4. Bc4 Nf6 5. Nc3 Bg4 6. O-O Be7 7. d3 O-O 8. Be3
exf4 9. Bxf4 Nd4 10. Kh1 Bxf3 11. gxf3 c6 12. Be3 Ne6 13. Bb3 Nc7 14. Rg1 Re8
15. Qf1 d5 16. e5 Nd7 17. d4 Ne6 18. Ne2 a5 19. c3 Ndf8 20. f4 f5 21. Ng3 g6
22. Nxf5 Kh8 23. Nh6 Qd7 24. f5 Ng7 25. f6 Bxf6 26. Qxf6 Re6 27. Qf3 Nf5 {
Diagram [#]} 28. Qxf5 $1 1-0

[Event "Mechanics' Alan Benson TNM; G/2"]
[Site "San Francisco"]
[Date "2016.08.16"]
[Round "3.19"]
[White "Sanguinetti, George"]
[Black "Hack, Richard"]
[Result "1-0"]
[WhiteElo "1900"]
[BlackElo "1611"]
[PlyCount "89"]
[EventDate "2016.??.??"]

1. e4 e5 2. f4 exf4 3. Bc4 d6 4. Nf3 Nc6 5. d4 Bg4 6. Bxf4 Be7 7. O-O Nf6 8.
Nc3 O-O 9. Bb3 Nd7 10. Qd3 Bf6 11. Ne2 Qe7 12. c3 Bh5 13. Rae1 Bg6 14. Ng3 Nd8
15. Nf5 Qe8 16. g4 Ne6 17. Bg3 Qd8 18. h4 h6 19. Bc2 Re8 20. Rd1 Be7 21. e5
dxe5 22. h5 Bxf5 23. Qxf5 Nef8 24. Bb3 Ne6 25. dxe5 Bc5+ 26. Kg2 Qe7 27. Bh4 f6
28. Bxe6+ Qxe6 29. Qxe6+ Rxe6 30. Rxd7 fxe5 31. Bf2 Bd6 32. Nh4 Rf8 33. Nf5
Ref6 34. Bh4 g5 35. hxg6 Rxg6 36. Kh3 e4 37. Bg3 Bxg3 38. Nxg3 Rxf1 39. Nxf1
Rf6 40. Ng3 Rf2 41. Nxe4 Rxb2 42. Rxc7 Rxa2 43. Rxb7 Ra4 44. Nd6 Ra6 45. Nb5
1-0

[Event "Mechanics' Alan Benson TNM; G/2"]
[Site "San Francisco"]
[Date "2016.09.13"]
[Round "7.13"]
[White "Sanguinetti, George"]
[Black "Hua, Arnold"]
[Result "1-0"]
[WhiteElo "1900"]
[BlackElo "1965"]
[PlyCount "61"]
[EventDate "2016.??.??"]

1. e4 d5 2. exd5 Nf6 3. d4 Nxd5 4. Nf3 e6 5. Be2 b6 6. O-O Nf6 7. Re1 Bb7 8. c4
Be7 9. Nc3 O-O 10. Bg5 Re8 11. Qc2 Nbd7 12. Rad1 Nf8 13. a3 a6 14. b4 Qc8 15.
c5 Ng6 16. Rc1 b5 17. Ne5 Nxe5 18. dxe5 Nd5 19. Bxe7 Nxe7 20. Bd3 h6 21. Qe2
Bd5 22. Nxd5 exd5 23. f4 Qe6 24. Qh5 f5 25. exf6 Qxf6 26. Rcd1 c6 27. Qg4 Kf8
28. Re5 Qf7 29. Rde1 Ng8 30. Bg6 Rxe5 31. fxe5 1-0

[Event "Mechanics' Alan Benson TNM; G/2"]
[Site "San Francisco"]
[Date "2016.08.30"]
[Round "5.9"]
[White "Sanguinetti, George"]
[Black "O'Connor, Derek"]
[Result "0-1"]
[WhiteElo "1900"]
[BlackElo "2094"]
[PlyCount "66"]
[EventDate "2016.??.??"]

1. e4 c6 2. d4 d5 3. exd5 cxd5 4. c4 Nf6 5. Nc3 Nc6 6. Nf3 Bg4 7. Be2 e6 8. O-O
Be7 9. c5 O-O 10. Rb1 Ne4 11. Be3 b6 12. Qa4 Nxc3 13. bxc3 Qc7 14. Bb5 Na5 15.
Ne5 Bf5 16. Bd3 Bxd3 17. Nxd3 Nc4 18. Bf4 Qc8 19. c6 a6 20. c7 b5 21. Qd1 Bd6
22. Qg4 Qxc7 23. Rfc1 Rac8 24. Bh6 f5 25. Qe2 gxh6 26. Qxe6+ Qf7 27. Qxh6 Qg6
28. Qh3 f4 29. Qf3 Kh8 30. Rd1 Qe4 31. Qh3 Qf5 32. Qf3 Rg8 33. Ne1 Nd2 0-1

[Event "Mechanics' Alan Benson TNM; G/2"]
[Site "San Francisco"]
[Date "2016.09.27"]
[Round "9.7"]
[White "Sanguinetti, George"]
[Black "Wang, Yuan"]
[Result "1/2-1/2"]
[WhiteElo "1900"]
[BlackElo "2068"]
[Annotator "Donaldson"]
[PlyCount "102"]
[EventDate "2016.??.??"]

1. e4 c5 2. Nf3 d6 3. c3 Nf6 4. Be2 Nc6 5. d4 cxd4 6. cxd4 Nxe4 7. d5 Qa5+ 8.
Nc3 Nxc3 9. bxc3 Ne5 10. Nxe5 Qxc3+ 11. Bd2 Qxe5 12. Rb1 f6 13. O-O Qxd5 14.
Bf3 Qxa2 15. Re1 e5 16. Bb4 Bf5 17. Rc1 Rc8 18. Bxb7 Rxc1 19. Qxc1 Qc2 20. Qa3
Qc7 21. Bd5 Be7 22. Rc1 Qb8 23. Ba5 Bd7 24. Qa2 Bd8 25. Rb1 Bb6 26. Bxb6 axb6
27. Bg8 Qc7 28. Qf7+ Kd8 29. Qxg7 Qc2 30. Ra1 Qc3 31. Rf1 Rxg8 32. Qxg8+ Kc7
33. Qxh7 f5 34. h4 b5 35. Qh6 f4 36. Rd1 Qc5 37. Qg6 b4 38. h5 Ba4 39. Re1 Qc3
40. Qb1 Bc2 41. Qc1 Bh7 42. g4 fxg3 43. fxg3 Kd7 44. Qxc3 bxc3 45. Kf2 Ke6 46.
g4 Kf6 47. Ke2 Kg5 48. Rg1 d5 49. Rg3 $2 (49. Ra1 $11) 49... d4 50. Rf3 {
Diagram [#]} d3+ $2 (50... Bc2 $1 $19) 51. Kd1 $2 (51. Rxd3 $11) 51... Be4 {
Remaining moves unavailable. Both sides were in terrible time pressure and
eventually drew with King and QueenversusKingandQueen!} (51... Kxg4 $19)
1/2-1/2

[Event "Mechanics' Winter TNM; G/2"]
[Site "San Francisco"]
[Date "2016.02.23"]
[Round "8.6"]
[White "Sarafian, Greg M"]
[Black "Askin, Michael Christopher"]
[Result "0-1"]
[WhiteElo "1956"]
[BlackElo "2053"]
[PlyCount "80"]
[EventDate "2016.??.??"]

1. d4 d5 2. c4 e6 3. Nc3 Nf6 4. cxd5 exd5 5. Bg5 Be7 6. e3 O-O 7. Bd3 c6 8.
Nge2 Nbd7 9. Qc2 Re8 10. O-O h6 11. Bh4 Ne4 12. Bxe7 Qxe7 13. Rae1 Ndf6 14. f3
Nxc3 15. Nxc3 Qb4 16. a3 Qd6 17. Qf2 Be6 18. Qg3 Qxg3 19. hxg3 Re7 20. Kf2 Ne8
21. g4 Nd6 22. Rh1 f6 23. Ne2 f5 24. g5 hxg5 25. Rh5 Nf7 26. Reh1 g6 27. R5h2
Bd7 28. Nc3 Rae8 29. Nd1 Kg7 30. Rh7+ Kf6 31. g3 Rg8 32. Nc3 Rge8 33. Nd1 Nd6
34. R7h2 f4 35. exf4 gxf4 36. g4 Nf7 37. Rh7 Ng5 38. R7h6 Rg8 39. Rh8 Rxh8 40.
Rxh8 Ne6 0-1

[Event "Mechanics' Winter TNM; G/2"]
[Site "San Francisco"]
[Date "2016.01.05"]
[Round "1.19"]
[White "Sarafian, Greg M"]
[Black "Donaldson, Kyle Ga"]
[Result "1-0"]
[WhiteElo "1956"]
[BlackElo "1479"]
[PlyCount "59"]
[EventDate "2016.??.??"]

1. d4 d5 2. c4 e6 3. Nc3 Bb4 4. Qb3 Bxc3+ 5. Qxc3 Nf6 6. Bg5 c6 7. Qc2 Qa5+ 8.
Bd2 Qd8 9. Nf3 O-O 10. e3 Nbd7 11. Bd3 Re8 12. O-O-O b6 13. cxd5 cxd5 14. Bc3
Bb7 15. Kb1 Rc8 16. Ne5 a6 17. f3 g6 18. h4 b5 19. Qe2 Nxe5 20. dxe5 Nh5 21.
Qf2 Qe7 22. g4 Ng7 23. h5 Red8 24. hxg6 fxg6 25. Bd4 Rd7 26. Rh6 Qf7 27. Rdh1
Ne8 28. Bxg6 Qg7 29. Bxh7+ Kf8 30. Bd3 1-0

[Event "Mechanics' Spring TNM; G/2"]
[Site "San Francisco"]
[Date "2016.03.29"]
[Round "3.5"]
[White "Sarafian, Greg M"]
[Black "Doyle, Bryon"]
[Result "0-1"]
[WhiteElo "1946"]
[BlackElo "2206"]
[PlyCount "92"]
[EventDate "2016.??.??"]

1. d4 d5 2. c4 e5 3. e3 exd4 4. Qxd4 Nc6 5. Qd1 Nf6 6. Nf3 Bg4 7. a3 dxc4 8.
Qxd8+ Rxd8 9. Bxc4 Ne5 10. Be2 Nd3+ 11. Bxd3 Rxd3 12. Bd2 Rb3 13. Bc1 Bxf3 14.
gxf3 g6 15. Bd2 Rxb2 16. Bc3 Rb6 17. Nd2 Bg7 18. Bd4 Ra6 19. Ke2 O-O 20. Rhc1
Rc8 21. Nb3 Nd5 22. Bxg7 Kxg7 23. Rc5 c6 24. Nd4 Re8 25. Kd2 Ra4 26. Rb1 Nb6
27. Rb3 Nc4+ 28. Ke2 b6 29. Rg5 c5 30. Nc2 Rd8 31. Rc3 Kf6 32. Rg4 Nb2 33. Rg1
Rh4 34. e4 Na4 35. Rb3 c4 36. Re3 c3 37. Rd3 Rxd3 38. Kxd3 Rxh2 39. Ne3 h5 40.
Nd5+ Kg7 41. Ke2 h4 42. Ne3 h3 43. f4 Nc5 44. Kf3 Nd3 45. Rf1 Rg2 46. Nc2 f5
0-1

[Event "Mechanics' Fall TNM; G/2"]
[Site "San Francisco"]
[Date "2016.11.22"]
[Round "6.17"]
[White "Sarafian, Greg M"]
[Black "Erickson, Lane Aus"]
[Result "1-0"]
[WhiteElo "1935"]
[BlackElo "1558"]
[PlyCount "75"]
[EventDate "2016.??.??"]

1. d4 Nf6 2. Nf3 e6 3. Bg5 c5 4. c3 d5 5. e3 Nbd7 6. Nbd2 Bd6 7. Bd3 cxd4 8.
exd4 O-O 9. O-O Qc7 10. Rc1 e5 11. dxe5 Nxe5 12. Nxe5 Bxe5 13. f4 Qb6+ 14. Kh1
Bc7 15. Qc2 Ng4 16. Bh4 Ne3 17. Bf2 Bxf4 18. Bxe3 Bxe3 19. Rce1 Qh6 20. Nf3 Bf4
21. Bf5 Be6 22. h3 g6 23. Bxe6 fxe6 24. Rxe6 Rae8 25. Qe2 Kf7 26. Re1 Be3 27.
Rxe3 Rxe3 28. Qxe3 Qxe3 29. Rxe3 Kf6 30. Nd4 Rf7 31. Rf3+ Ke7 32. Rxf7+ Kxf7
33. g4 a6 34. Kg2 Kf6 35. Nf3 h5 36. Kf2 hxg4 37. hxg4 Ke6 38. Ke3 1-0

[Event "Mechanics' Fall TNM; G/2"]
[Site "San Francisco"]
[Date "2016.11.08"]
[Round "4.18"]
[White "Sarafian, Greg M"]
[Black "Hakobyan, Sos"]
[Result "1-0"]
[WhiteElo "1935"]
[BlackElo "1879"]
[PlyCount "85"]
[EventDate "2016.??.??"]

1. d4 Nf6 2. Nf3 e6 3. Bg5 d5 4. c3 b6 5. Nbd2 Bd6 6. e4 dxe4 7. Nxe4 Nbd7 8.
Bd3 Bb7 9. Qe2 Be7 10. O-O Rc8 11. Rad1 Nxe4 12. Bxe7 Nxc3 13. bxc3 Qxe7 14.
Ba6 Bxa6 15. Qxa6 Ra8 16. Qb7 Qd8 17. d5 e5 18. Nxe5 Nxe5 19. Rfe1 O-O 20. Rxe5
Qd6 21. Rde1 Rfb8 22. Qa6 Qc5 23. Qe2 g6 24. Qf3 Rd8 25. h3 f5 26. g4 fxg4 27.
Qxg4 Rf8 28. R1e2 Qxc3 29. h4 Qc1+ 30. Kg2 Qf4 31. Qh3 Rf7 32. R5e4 Qf5 33. Qb3
Raf8 34. Re8 Qf3+ 35. Qxf3 Rxf3 36. R8e7 R3f7 37. R7e6 Rd8 38. R2e5 Rfd7 39.
Rc6 Rxd5 40. Re7 R8d7 41. Rxc7 Rxe7 42. Rxe7 Ra5 43. Re2 1-0

[Event "Mechanics' Fall TNM; G/2"]
[Site "San Francisco"]
[Date "2016.12.06"]
[Round "8.9"]
[White "Sarafian, Greg M"]
[Black "Pryor, Jamieson"]
[Result "1-0"]
[WhiteElo "1935"]
[BlackElo "2032"]
[PlyCount "37"]
[EventDate "2016.??.??"]

1. d4 Nf6 2. c4 e6 3. Nc3 Bb4 4. f3 d5 5. cxd5 exd5 6. e3 O-O 7. Bd3 c5 8. Nge2
Nc6 9. a3 cxd4 10. axb4 dxc3 11. bxc3 Ne5 12. O-O Re8 13. Nd4 Qc7 14. Nb5 Qb6
15. Be2 h5 16. Qd4 Qxd4 17. cxd4 Nc6 18. Nc7 Nxd4 19. Bd1 1-0

[Event "Mechanics' Winter TNM; G/2"]
[Site "San Francisco"]
[Date "2016.01.26"]
[Round "4.24"]
[White "Sarafian, Greg M"]
[Black "Purland, Matthew"]
[Result "1-0"]
[WhiteElo "1956"]
[BlackElo "1560"]
[PlyCount "37"]
[EventDate "2016.??.??"]

1. d4 Nf6 2. c4 g6 3. g3 Bg7 4. Bg2 d6 5. Nc3 O-O 6. Nf3 c5 7. O-O cxd4 8. Nxd4
Nbd7 9. b3 a6 10. Bb2 Qc7 11. h3 Rb8 12. Rc1 Nc5 13. e4 Qa5 14. Nc2 Ncxe4 15.
Nxe4 Nxe4 16. Bxg7 Kxg7 17. Bxe4 Qxa2 18. Qd4+ f6 19. Qc3 1-0

[Event "Mechanics' Fall TNM; G/2"]
[Site "San Francisco"]
[Date "2016.12.13"]
[Round "9.6"]
[White "Sarafian, Greg M"]
[Black "Sevall, Jacob"]
[Result "0-1"]
[WhiteElo "1935"]
[BlackElo "2033"]
[PlyCount "101"]
[EventDate "2016.??.??"]

1. d4 Nf6 2. c4 e6 3. a3 b6 4. Nc3 d5 5. Nf3 Ba6 6. cxd5 exd5 7. g3 Bd6 8. Bg2
O-O 9. O-O Re8 10. Re1 Bb7 11. Nb5 Bf8 12. Bg5 Na6 13. b4 h6 14. Bf4 Ne4 15.
Qb3 c6 16. Nc3 Nxc3 17. Qxc3 Rc8 18. Bh3 Ra8 19. Ne5 g5 20. Be3 Qd6 21. Rac1 c5
22. b5 cxd4 23. Bxd4 Nc5 24. Nf3 Bc8 25. Bxc8 Raxc8 26. Ne5 Ne6 27. Nc6 Qxa3
28. Qd2 Bb4 29. Bc3 Bxc3 30. Rxc3 Qd6 31. Rd3 Nc7 32. Nd4 Qd7 33. Qb2 Qd6 34.
Nf5 Qe5 35. Nxh6+ Kg7 36. Qxe5+ Rxe5 37. Ng4 Re4 38. Ne3 Rd8 39. Nf5+ Kf6 40.
Nd4 a6 41. bxa6 Nxa6 42. e3 Nc5 43. Ra3 Rd6 44. Rb1 Re8 45. Ra7 Ne6 46. Nb5 Rc6
47. Rb7 Nc5 48. Rc7 Rc8 49. Rxc8 Rxc8 50. Nd4 Rb8 51. Rb5 {
White later lost on time. Remaining unavailable.} 0-1

[Event "Mechanics' Fall TNM; G/2"]
[Site "San Francisco"]
[Date "2016.10.25"]
[Round "2.4"]
[White "Sarafian, Greg M"]
[Black "Shakhnazarov, Oleg"]
[Result "0-1"]
[WhiteElo "1935"]
[BlackElo "2150"]
[PlyCount "94"]
[EventDate "2016.??.??"]

1. Nf3 e6 2. g3 Be7 3. Bg2 d5 4. d4 Nd7 5. b3 Ngf6 6. Ba3 Ne4 7. Bxe7 Qxe7 8.
O-O O-O 9. Nfd2 Nd6 10. c4 c6 11. e3 b6 12. Re1 Ba6 13. cxd5 cxd5 14. Nc3 Rac8
15. Rc1 Bb7 16. Qe2 f5 17. Nb5 Ba6 18. a4 Nf6 19. f3 Qd7 20. Bf1 g5 21. Nb1 g4
22. N1c3 Nf7 23. f4 Qe7 24. Qb2 h5 25. Qa3 Qd7 26. Rc2 Kg7 27. Rec1 Kg6 28. Na2
Rxc2 29. Rxc2 Rc8 30. Qc1 Rxc2 31. Qxc2 Bxb5 32. axb5 Qd6 33. b4 Ne4 34. Bd3
Nf6 35. Qc6 Qe7 36. Qc3 Nd6 37. Qc6 Nfe8 38. Nc3 h4 39. Na4 Qc7 40. Nc3 Qh7 41.
Bf1 Qe7 42. Bd3 Qc7 43. Qxc7 Nxc7 44. gxh4 Kh5 45. Kg2 Kxh4 46. Be2 Nc4 47.
Bxc4 dxc4 0-1

[Event "Mechanics' Spring TNM; G/2"]
[Site "San Francisco"]
[Date "2016.04.26"]
[Round "7.4"]
[White "Sarafian, Greg M"]
[Black "Shaw, Tenzing Will"]
[Result "1/2-1/2"]
[WhiteElo "1946"]
[BlackElo "2292"]
[Annotator "Sarafian"]
[PlyCount "86"]
[EventDate "2016.??.??"]

1. d4 Nf6 2. Nf3 e6 3. Bg5 c5 4. c3 b6 5. e3 Bb7 6. Nbd2 h6 7. Bh4 Nc6 8. h3
Ne7 9. Bg3 Nf5 10. Bh2 Bd6 11. g4 Bxh2 12. gxf5 Bc7 13. Rg1 O-O 14. Bd3 cxd4
15. cxd4 Qe7 16. Qa4 exf5 17. Bxf5 Bc6 18. Qb3 Rac8 19. Bc2 Nd5 20. Be4 Nf4 21.
d5 Ba8 22. Nd4 Qf6 23. Nf5 Bxd5 24. Nxh6+ Qxh6 25. Bxd5 Ne6 26. Ne4 Be5 27. f4
Qh4+ 28. Ke2 Bxf4 29. Rg4 Qh6 30. Bxe6 fxe6 31. exf4 Rxf4 32. Rag1 Rxg4 33.
Rxg4 Qc1 34. Nc3 Rf8 35. Nd1 Rc8 36. Nc3 Qh1 37. Nd1 Rf8 38. Qg3 Qf1+ 39. Kd2
Rf7 40. Qb8+ Kh7 41. Rh4+ Kg6 42. Rg4+ {
42.Qg3+ Kf6 43.Rf4+ wins the black queen but White had seconds left.} Kh7 43.
Rh4+ Kg6 1/2-1/2

[Event "Mechanics' Spring TNM; G/2"]
[Site "San Francisco"]
[Date "2016.04.12"]
[Round "5.11"]
[White "Sarafian, Greg M"]
[Black "Walters, Kevin"]
[Result "1-0"]
[WhiteElo "1946"]
[BlackElo "1701"]
[PlyCount "73"]
[EventDate "2016.??.??"]

1. d4 Nf6 2. c4 e5 3. dxe5 Ng4 4. Bf4 Nc6 5. Nf3 Bb4+ 6. Nc3 Qe7 7. Qd5 Bxc3+
8. bxc3 Qa3 9. Qd2 Qc5 10. e3 O-O 11. h3 Ngxe5 12. Nxe5 Nxe5 13. Qd4 Qxd4 14.
cxd4 Nc6 15. Bxc7 Nb4 16. Kd2 Re8 17. Be2 Re6 18. a3 Na6 19. Bg3 d6 20. Bf3 Nc7
21. Rab1 Rb8 22. Bg4 Ne8 23. Bxe6 fxe6 24. c5 e5 25. cxd6 Nxd6 26. Bxe5 Nc4+
27. Ke2 Nxe5 28. dxe5 Bf5 29. Rb4 b5 30. a4 a6 31. Rc1 Rd8 32. e4 Be6 33. axb5
axb5 34. Rxb5 Ra8 35. Rc2 Ra4 36. Rb8+ Kf7 37. Rc7+ 1-0

[Event "Mechanics' Summer TNM; G/2"]
[Site "San Francisco"]
[Date "2016.05.24"]
[Round "1.17"]
[White "Schegerin, Marc"]
[Black "Hua, Arnold"]
[Result "0-1"]
[WhiteElo "1376"]
[BlackElo "1954"]
[Annotator "Donaldson"]
[PlyCount "34"]
[EventDate "2016.??.??"]

1. e4 d5 2. exd5 Nf6 3. c4 c6 4. dxc6 Nxc6 5. Nf3 Bf5 (5... e5) 6. d4 e6 7. Bg5
Qb6 8. Bxf6 gxf6 9. Qd2 O-O-O 10. c5 Qc7 11. b4 Be4 12. b5 Bxf3 13. bxc6 Bxc6
14. Qb2 Qf4 15. Nd2 Rxd4 16. Nb3 Qe5+ 17. Qe2 Re4 0-1

[Event "Mechanics' Summer TNM; G/2"]
[Site "San Francisco"]
[Date "2016.06.14"]
[Round "4.23"]
[White "Schegerin, Marc"]
[Black "Shi, Jaysen"]
[Result "0-1"]
[WhiteElo "1376"]
[BlackElo "1867"]
[PlyCount "96"]
[EventDate "2016.??.??"]

1. e4 e6 2. d4 d5 3. exd5 exd5 4. Bd3 Bd6 5. Nc3 c6 6. Nge2 Bg4 7. h3 Bh5 8. g4
Bg6 9. Bxg6 hxg6 10. Bf4 Nf6 11. f3 Na6 12. Qd2 Nc7 13. O-O-O Qd7 14. Be5 O-O-O
15. Nf4 Rh7 16. a3 Rdh8 17. Qg2 g5 18. Nd3 Ng8 19. Qg3 Ne8 20. Rde1 f6 21. Bxd6
Nxd6 22. f4 Nf7 23. Nc5 Qd6 24. Re8+ Kc7 25. Ne6+ Kd7 26. Ra8 Qxe6 27. Rxa7 Kc8
28. f5 Qd6 29. Qe3 Kb8 30. Ra4 Ne7 31. Rb4 Qf4 32. Qxf4+ gxf4 33. Re1 Nc8 34.
Na4 Rxh3 35. Nc5 Nfd6 36. Re6 Rh1+ 37. Kd2 R1h2+ 38. Kc3 R8h3+ 39. Nd3 Ne4+ 40.
Kb3 f3 41. Ka4 Rxc2 42. Ka5 f2 43. Nxf2 Rxf2 44. Rxc6 Ned6 45. b3 Rff3 46. Rc5
Rxb3 47. Rxd5 b6+ 48. Ka4 Rxa3# 0-1

[Event "Mechanics' Fall TNM; G/2"]
[Site "San Francisco"]
[Date "2016.11.22"]
[Round "6.9"]
[White "Sevall, Jacob"]
[Black "Andries, W Craig"]
[Result "1-0"]
[WhiteElo "2033"]
[BlackElo "1877"]
[PlyCount "89"]
[EventDate "2016.??.??"]

1. e4 g6 2. d4 Bg7 3. Bc4 c6 4. Nc3 d5 5. Bb3 dxe4 6. Nge2 Nf6 7. Bg5 Bf5 8.
Qd2 h6 9. Be3 e6 10. h3 g5 11. O-O-O Na6 12. g4 Bg6 13. Ng3 Nc7 14. Qe2 Ncd5
15. Bd2 Nxc3 16. bxc3 Qd6 17. h4 gxh4 18. Rxh4 O-O-O 19. Kb2 Bf8 20. g5 a5 21.
gxf6 a4 22. Nxe4 Qa3+ 23. Kb1 axb3 24. axb3 Kd7 25. Bc1 Qa7 26. Nc5+ Kc7 27.
Bf4+ Bd6 28. Bxd6+ Rxd6 29. Qc4 b5 30. Qb4 Ra8 31. Kc1 e5 32. Ne4 c5 33. Nxd6
Qa1+ 34. Kd2 Qxd1+ 35. Kxd1 cxb4 36. dxe5 bxc3 37. Nxb5+ Kb6 38. Nxc3 Ra1+ 39.
Kd2 Rf1 40. Rf4 Kc6 41. e6 Ra1 42. e7 Ra8 43. Rg4 Kd6 44. Rd4+ Kc7 45. Nb5+ 1-0

[Event "Mechanics' Fall TNM; G/2"]
[Site "San Francisco"]
[Date "2016.11.08"]
[Round "4.12"]
[White "Sevall, Jacob"]
[Black "Melville, Cailen"]
[Result "1-0"]
[WhiteElo "2033"]
[BlackElo "1872"]
[Annotator "Donaldson"]
[PlyCount "73"]
[EventDate "2016.??.??"]

1. e4 e6 2. d4 d5 3. e5 c5 4. c3 Qb6 5. Nf3 Nc6 6. a3 Nh6 7. b4 cxd4 8. cxd4
Nf5 9. Bb2 Bd7 10. g4 Nfe7 11. Nc3 a6 12. Qd2 h5 13. Bh3 hxg4 14. Bxg4 g6 15.
Na4 Qc7 16. Nc5 Bh6 17. Qd3 Nc8 18. Bc1 Nd8 19. Bxh6 Rxh6 20. Qe3 Rh8 21. Qf4
b6 22. Nd3 Bb5 23. Kd2 Bxd3 24. Kxd3 b5 25. h4 Qe7 26. h5 Qf8 27. Ng5 Ne7 28.
hxg6 Nxg6 29. Qf6 Kd7 30. Rxh8 Nxh8 31. Rh1 Ng6 32. Rh7 Qg8 33. Rg7 Nf4+ 34.
Ke3 Ng2+ 35. Kf3 Nh4+ 36. Kg3 Qh8 {Diagram [#]} 37. Nxe6 $1 (37. Bxe6+ $1) (37.
Nxf7) 1-0